Elements of modern gardening (Record no. 114091)

MARC details
000 -LEADER
fixed length control field 00687cam a22001935a 4500
001 - CONTROL NUMBER
control field L156193
008 - FIXED-LENGTH DATA ELEMENTS--GENERAL INFORMATION
fixed length control field 120502s1785 xxk f 000 0 eng d
035 ## - SYSTEM CONTROL NUMBER
System control number (Sirsi) u156193
041 0# - LANGUAGE CODE
Language code of text/sound track or separate title eng
245 00 - TITLE STATEMENT
Title Elements of modern gardening
Remainder of title or, The art of laying out of pleasure grounds, ornamenting farms, and embellishing the views round about our houses
260 ## - PUBLICATION, DISTRIBUTION, ETC.
Place of publication, distribution, etc. London
Name of publisher, distributor, etc. printed at the Logographic Press
Date of publication, distribution, etc. 1785
300 ## - PHYSICAL DESCRIPTION
Extent 80 p.
Dimensions 19 cm.
520 ## - SUMMARY, ETC.
Summary, etc. By John Trusler? In Trusler's works, 1781-97.
583 ## - ACTION NOTE
Action Condition reviewed
Time/date of action 20120620
Status condition level 4
651 #4 - SUBJECT ADDED ENTRY--GEOGRAPHIC NAME
Geographic name Great Britain
Chronological subdivision 1707-
690 ## - LOCAL SUBJECT ADDED ENTRY--TOPICAL TERM (OCLC, RLIN)
Topical term or geographic name as entry element Rural
9 (RLIN) 6268
700 1# - ADDED ENTRY--PERSONAL NAME
Personal name Trusler, John
Dates associated with a name 1735-1820
942 ## - ADDED ENTRY ELEMENTS (KOHA)
Suppress in OPAC 0
Holdings
Withdrawn status Lost status Source of classification or shelving scheme Damaged status Not for loan Home library Current library Shelving location Date acquired Total Checkouts Full call number Barcode Date last seen Copy number Price effective from Koha item type
    Dewey Decimal Classification     Historic collection Historic collection Historic collection 02/05/2012   OCTAVO 1785 TRUSLER 30076803 06/08/2019 1 06/08/2019 Book